000 00537cam a22001457a 4500
008 180718b1930 xxu||||| |||| 00| 0 eng d
082 _aL6x73 N213
245 _aCost of government in the United States, 1935-1937
_cby National Industrial Conference Board
260 _aNew York
_bNational Industrial Conference Board
_c1930
300 _av.p.
440 _aNational Industrial Conference Board studies, no.240
650 _aTaxation --United States
650 _aFinance --United States
700 _aNational Industrial Conference Board
999 _c500982
_d500982